000 00435nam a22001697a 4500
005 20180518111601.0
008 160521b xxu||||| |||| 00| 0 eng d
020 _a81-8054004-9
041 _aeng
082 _b3849
_a519.5
100 _aGupta S.C. & Kapoor V.K.
_9979
245 _aFundamentals of Mathematical Statistics
260 _aNew Delhi
_bSultan Chand & Sons,
300 _aA-42
650 _aManagement
_9241
942 _cBK
999 _c1331
_d1331